Statistics for US States Starting with N on a Map

Click here to take the quiz!

General Stats

  • This quiz has been taken 54 times
  • The average score is 8 of 8

Answers on the Map

Answers color-coded by a green-red scale on the quiz's map according to % correct below.
 

Answer Stats

State% Correct
New York
100%
Nevada
98%
Nebraska
96%
New Jersey
96%
North Carolina
96%
North Dakota
96%
New Hampshire
91%
New Mexico
91%

Score Distribution

Percentile by Number Answered

Percent of People with Each Score

Your Score History

You have not taken this quiz